<?xml version="1.0" encoding="UTF-8"?>
<record
    xmlns:xsi="http://www.w3.org/2001/XMLSchema-instance"
    xsi:schemaLocation="http://www.loc.gov/MARC21/slim http://www.loc.gov/standards/marcxml/schema/MARC21slim.xsd"
    xmlns="http://www.loc.gov/MARC21/slim">

  <leader>01481namaa22003251i 4500</leader>
  <controlfield tag="005">20260607090243.0</controlfield>
  <controlfield tag="008">260607s1994    ua a|||frm||| 000 0 eng d</controlfield>
  <datafield tag="040" ind1=" " ind2=" ">
    <subfield code="a">EG-GICUC</subfield>
    <subfield code="b">eng</subfield>
    <subfield code="c">EG-GICUC</subfield>
    <subfield code="d">EG-GICUC</subfield>
    <subfield code="e">rda</subfield>
  </datafield>
  <datafield tag="041" ind1="0" ind2=" ">
    <subfield code="a">eng</subfield>
    <subfield code="b">eng</subfield>
    <subfield code="b">ara</subfield>
  </datafield>
  <datafield tag="049" ind1=" " ind2=" ">
    <subfield code="a">Deposit</subfield>
  </datafield>
  <datafield tag="097" ind1=" " ind2=" ">
    <subfield code="a">Ph.D</subfield>
  </datafield>
  <datafield tag="099" ind1=" " ind2=" ">
    <subfield code="a">Cai01.12.15.Ph.D.1994.As.G.</subfield>
  </datafield>
  <datafield tag="100" ind1="0" ind2=" ">
    <subfield code="a">Ashraf Mahmoud Osman EL Maghraby, </subfield>
    <subfield code="e">preparation.</subfield>
  </datafield>
  <datafield tag="245" ind1="1" ind2="0">
    <subfield code="a">Geology , Petrology, And Geochemistry Of The Pre- Cambrian Rocks Between Wadi Ghadir And Wadi EL- Gemal, Eastern Desert , Egypt / </subfield>
    <subfield code="c">By Ashraf Mahmoud Osman EL Maghraby; Supervision Dr. F.Basta, Prof.Dr. M.EL Sharkawy, Prof.Dr. M. A. Takla.</subfield>
  </datafield>
  <datafield tag="246" ind1="1" ind2="5">
    <subfield code="a">&#x62F;&#x631;&#x627;&#x633;&#x627;&#x62A; &#x62C;&#x64A;&#x648;&#x644;&#x648;&#x62C;&#x64A;&#x629; &#x648;&#x628;&#x62A;&#x631;&#x648;&#x644;&#x648;&#x62C;&#x64A;&#x629; &#x648;&#x62C;&#x64A;&#x648;&#x643;&#x64A;&#x645;&#x64A;&#x627;&#x626;&#x64A;&#x629; &#x644;&#x635;&#x62E;&#x648;&#x631; &#x627;&#x644;&#x628;&#x631;&#x64A;&#x643;&#x627; &#x645;&#x628;&#x631;&#x649; &#x628;&#x64A;&#x646; &#x648;&#x627;&#x62F;&#x649; &#x63A;&#x62F;&#x64A;&#x631; &#x648; &#x648;&#x627;&#x62F;&#x64A; &#x627;&#x644;&#x62C;&#x645;&#x627;&#x644; &#x627;&#x644;&#x635;&#x62D;&#x631;&#x627;&#x621; &#x627;&#x644;&#x634;&#x631;&#x642;&#x64A;&#x629; - &#x645;&#x635;&#x631; /</subfield>
  </datafield>
  <datafield tag="264" ind1=" " ind2="0">
    <subfield code="c">1994.</subfield>
  </datafield>
  <datafield tag="300" ind1=" " ind2=" ">
    <subfield code="a">226 pages : </subfield>
    <subfield code="b">illustrations ; </subfield>
    <subfield code="c">30 cm. + </subfield>
  </datafield>
  <datafield tag="336" ind1=" " ind2=" ">
    <subfield code="2">rda content</subfield>
    <subfield code="a">text</subfield>
  </datafield>
  <datafield tag="337" ind1=" " ind2=" ">
    <subfield code="2">rdamedia</subfield>
    <subfield code="a">Unmediated</subfield>
  </datafield>
  <datafield tag="338" ind1=" " ind2=" ">
    <subfield code="2">rdacarrier</subfield>
    <subfield code="a">volume</subfield>
  </datafield>
  <datafield tag="502" ind1=" " ind2=" ">
    <subfield code="a">Thesis (Ph.D)-Cairo University,1994.</subfield>
  </datafield>
  <datafield tag="504" ind1=" " ind2=" ">
    <subfield code="a">Bibliography: pages 204-226.</subfield>
  </datafield>
  <datafield tag="653" ind1=" " ind2="0">
    <subfield code="a">Geology </subfield>
  </datafield>
  <datafield tag="700" ind1="0" ind2=" ">
    <subfield code="a">F.Basta </subfield>
    <subfield code="e">thesis advisor.</subfield>
  </datafield>
  <datafield tag="700" ind1="0" ind2=" ">
    <subfield code="a">M.EL Sharkawy </subfield>
    <subfield code="e">thesis advisor.</subfield>
  </datafield>
  <datafield tag="700" ind1="0" ind2=" ">
    <subfield code="a">M. A. Takla</subfield>
    <subfield code="e">thesis advisor.</subfield>
  </datafield>
  <datafield tag="900" ind1=" " ind2=" ">
    <subfield code="D">Department of Geology </subfield>
    <subfield code="F">Faculty of Science</subfield>
    <subfield code="U">Cairo University</subfield>
    <subfield code="b">1994</subfield>
    <subfield code="c">F.Basta </subfield>
    <subfield code="c">M.EL Sharkawy </subfield>
    <subfield code="c">M. A. Takla</subfield>
  </datafield>
  <datafield tag="905" ind1=" " ind2=" ">
    <subfield code="a">Eman El gebaly </subfield>
  </datafield>
  <datafield tag="942" ind1=" " ind2=" ">
    <subfield code="2">ddc</subfield>
    <subfield code="c">TH</subfield>
    <subfield code="e">21</subfield>
    <subfield code="n">0</subfield>
  </datafield>
  <datafield tag="999" ind1=" " ind2=" ">
    <subfield code="c">180385</subfield>
  </datafield>
  <datafield tag="952" ind1=" " ind2=" ">
    <subfield code="2">ddc</subfield>
    <subfield code="9">318664</subfield>
    <subfield code="a">CUCL</subfield>
    <subfield code="b">100</subfield>
    <subfield code="d">2026-06-07</subfield>
    <subfield code="i">25846</subfield>
    <subfield code="o">Cai01.12.15.Ph.D.1994.As.G.</subfield>
    <subfield code="p">01010110025846000</subfield>
    <subfield code="r">2026-06-07 08:03:18</subfield>
    <subfield code="w">2026-06-07</subfield>
    <subfield code="y">TH</subfield>
  </datafield>
</record>
